Statistics for NBA Playoffs Top 100 All-Time: Assists

Click here to take the quiz!

General Stats

  • This quiz has been taken 149 times
    (12 since last reset)
  • The average score is 71 of 101

Answer Stats

#PlayerAssists% Correct
52Avery Johnson562
100%
31Bill Russell770
100%
18Bob Cousy937
100%
5Chris Paul1,233
100%
14Dennis Johnson1,006
100%
16Draymond Green974
100%
11James Harden1,041
100%
4Jason Kidd1,263
100%
17Jerry West970
100%
3John Stockton1,839
100%
33Kareem Abdul-Jabbar767
100%
19Kevin Johnson935
100%
8Larry Bird1,062
100%
2LeBron James2,067
100%
1Magic Johnson2,346
100%
78Pau Gasol438
100%
21Russell Westbrook919
100%
22Stephen Curry912
100%
9Steve Nash1,061
100%
97Bobby Jones381
91%
63Charles Barkley482
91%
25Dwyane Wade870
91%
30Gary Payton811
91%
T71Hakeem Olajuwon458
91%
29John Havlicek825
91%
86Kawhi Leonard399
91%
T87K.C. Jones396
91%
36Kevin Durant709
91%
28Manu Ginóbili827
91%
23Mark Jackson905
91%
13Michael Jordan1,022
91%
54Nikola Jokić545
91%
69Paul George464
91%
10Scottie Pippen1,048
91%
48Shaquille O'Neal582
91%
34Tim Duncan764
91%
6Tony Parker1,143
91%
38Wilt Chamberlain673
91%
89Anfernee Hardaway394
82%
T87Damian Lillard396
82%
46Derek Fisher598
82%
55Elgin Baylor541
82%
76Jo Jo White452
82%
26Julius Erving841
82%
65Kevin Garnett471
82%
12Kobe Bryant1,040
82%
35Kyle Lowry727
82%
99Kyrie Irving376
82%
7Rajon Rondo1,136
82%
77Ray Allen449
82%
73Rick Barry456
82%
T95Tim Hardaway382
82%
80Allen Iverson425
73%
59Derek Harper513
73%
41Deron Williams630
73%
83Giannis Antetokounmpo413
73%
66Gus Williams469
73%
74Jayson Tatum454
73%
60Joe Dumars512
73%
32Oscar Robertson769
73%
84Roger Brown405
73%
27Chauncey Billups831
64%
15Isiah Thomas987
64%
62Jrue Holiday499
64%
44Karl Malone610
64%
98Khris Middleton380
64%
T81Mike Bibby420
64%
49Paul Pierce579
64%
50Robert Horry575
64%
47Sam Cassell592
64%
43Andre Iguodala618
55%
T92Byron Scottt390
55%
24Clyde Drexler891
55%
39Danny Ainge656
55%
70James Worthy463
55%
53Jimmy Butler551
55%
20Maurice Cheeks922
55%
56Mike Conley535
55%
67Richard Hamilton467
55%
45Walt Frazier599
55%
51Al Horford568
45%
58Marcus Smart524
45%
42Terry Porter624
45%
75Wes Unseld453
45%
64Doc Rivers479
36%
T71Freddie Lewis458
36%
T100Jason Terry375
36%
T90John Starks393
36%
68Norm Nixon465
36%
T90Hal Greer393
27%
57Jeff Hornacek525
27%
37Michael Cooper703
27%
T92Rod Strickland390
27%
T81Paul Pressey420
18%
61Nate McMillan505
9%
94Ron Boone385
9%
79Tom Henderson431
9%
T95Boris Diaw382
0%
T100Brian Shaw375
0%
85
George McGinnis404
0%
40Louie Dampier649
0%

Score Distribution

Percentile by Number Answered

Percent of People with Each Score

Your Score History

You have not taken this quiz since the last reset